El fuste torcido de la humanidad : (Record no. 110340)

MARC details
000 -CABECERA
campo de control de longitud fija 00678nam a2200205 a 4500
005 - FECHA Y HORA DE LA ÚLTIMA TRANSACCIÓN
campo de control 20240911064545.0
008 - ELEMENTOS DE LONGITUD FIJA--INFORMACIÓN GENERAL
campo de control de longitud fija 050216s2002 es r 000 0 spa d
020 ## - NÚMERO INTERNACIONAL NORMALIZADO PARA LIBROS
Número Internacional Estándar del Libro 8483074664
035 ## - NÚMERO DE CONTROL DEL SISTEMA
Número de control de sistema UPN01000138192
049 ## - COLECCIÓN
Colección CG
050 #4 - SIGNATURA TOPOGRÁFICA DE LA BIBLIOTECA DEL CONGRESO
Número de clasificación B29
Número de documento/Ítem B4.3
100 1# - ASIENTO PRINCIPAL--NOMBRE PERSONAL
Nombre de persona Berlin, Isaiah,
Fechas asociadas al nombre 1909-1997
9 (RLIN) 33361
245 13 - MENCIÓN DE TÍTULO
Título El fuste torcido de la humanidad :
Resto del título capítulos de historia de las ideas /
Mención de responsabilidad, etc. Isaiah Berlin ; tr. de José Manuel Alvarez Flórez.
260 ## - PUBLICACIÓN, DISTRIBUCIÓN, ETC.
Lugar de publicación, distribución, etc. Barcelona, Esp. :
Nombre del editor, distribuidor, etc. Península,
Fecha de publicación, distribución, etc. 2002.
300 ## - DESCRIPCIÓN FÍSICA
Extensión 445 p.
534 ## - NOTA SOBRE LA VERSIÓN ORIGINAL
Frase introductoria Título original:
Mención de título del original The crooked timber of humanity
650 #4 - ASIENTO SECUNDARIO DE MATERIA - TERMINO TEMATICO
Término de materia o nombre geográfico como elemento de entrada Civilización moderna
9 (RLIN) 8265
650 #4 - ASIENTO SECUNDARIO DE MATERIA - TERMINO TEMATICO
Término de materia o nombre geográfico como elemento de entrada Filosofía
9 (RLIN) 5327
905 ## - TIPO DE MATERIAL
Tipo de material Libro
Holdings
Estado de retiro Estado de pérdida Fuente del sistema de clasificación o colocación Estado dañado No para préstamo Código de colección Localización permanente Ubicación/localización actual Ubicación en estantería Total de préstamos Clasificación Código de barras Fecha visto por última vez Número de copia Tipo de ítem Koha
    Library of Congress Classification     Colección General Bib. Gregorio Torres Quintero Bib. Gregorio Torres Quintero Planta baja 7 B29 B4.3 229046 31/12/2020 1 Libro